Modern radio communication ; (Record no. 183139)
[ view plain ]
| 000 -LEADER | |
|---|---|
| fixed length control field | 01060 a2200205 4500 |
| 003 - CONTROL NUMBER IDENTIFIER | |
| control field | Nust |
| 005 - DATE AND TIME OF LATEST TRANSACTION | |
| control field | 20250923164816.0 |
| 040 ## - CATALOGING SOURCE | |
| Transcribing agency | Nust |
| 082 ## - DEWEY DECIMAL CLASSIFICATION NUMBER | |
| Classification number | 621.384,REY |
| 100 ## - MAIN ENTRY--PERSONAL NAME | |
| Personal name | J H Reyner |
| 9 (RLIN) | 130661 |
| 245 ## - TITLE STATEMENT | |
| Title | Modern radio communication ; |
| Remainder of title | for the more advanced student covering the technique required |
| Statement of responsibility, etc. | J H Reyner |
| 250 ## - EDITION STATEMENT | |
| Edition statement | 3rd ed |
| 260 ## - PUBLICATION, DISTRIBUTION, ETC. | |
| Place of publication, distribution, etc. | Sir Isaac Pitman |
| Name of publisher, distributor, etc. | London |
| Date of publication, distribution, etc. | 1940 |
| 300 ## - PHYSICAL DESCRIPTION | |
| Extent | 255, 23 p |
| Other physical details | illus |
| Dimensions | 19 cm |
| 505 ## - FORMATTED CONTENTS NOTE | |
| Formatted contents note | The Radio Transmitter (Page-1), The Transmitting Aerial (Page-26), Feeders (Page-40), The Radio Receivers (Page-51), The Receiving Aerial (Page-131), Coupled Circuits (Page-144), Filters And Attenuators (Page-155), Commercial Radiotelephony (Page-174), Short Wave Operation (Page-182), Ultra Short Waves (Page-199), Measurements In Radio Communication (Page-207), Picture Transmission And Television (Page-224) |
| 538 ## - SYSTEM DETAILS NOTE | |
| System details note | Almirah No. 39 Shelf No. 3 |
| 600 ## - SUBJECT ADDED ENTRY--PERSONAL NAME | |
| Personal name | J H Reyner |
| 9 (RLIN) | 130661 |
| 650 ## - SUBJECT ADDED ENTRY--TOPICAL TERM | |
| Topical term or geographic name entry element | Modern radio communication ;for the more advanced student covering the technique required |
| 9 (RLIN) | 130662 |
| 942 ## - ADDED ENTRY ELEMENTS (KOHA) | |
| Source of classification or shelving scheme | |
| Koha item type | Book |
| Withdrawn status | Lost status | Source of classification or shelving scheme | Damaged status | Not for loan | Permanent Location | Current Location | Shelving location | Date acquired | Full call number | Barcode | Date last seen | Price effective from | Koha item type | Public note |
|---|---|---|---|---|---|---|---|---|---|---|---|---|---|---|
| Military College of Signals (MCS) | Military College of Signals (MCS) | General Stacks | 12/12/2016 | 621.384,REY | MCS6954 | 12/08/2016 | 12/12/2016 | Book | Almirah No.84, Shelf No.1 |
